[Event "FIDE-Wch k.o."]
[Site "New Delhi/Teheran"]
[Date "2000.12.08"]
[Round "4.3"]
[White "Shirov, Alexei"]
[Black "Gelfand, Boris"]
[Result "1-0"]
[WhiteElo "2746"]
[BlackElo "2681"]
[Annotator "Ftacnik,L"]
[PlyCount "51"]
[EventDate "2000.11.27"]
[EventType "k.o."]
[EventRounds "7"]
[EventCountry "IND"]
[SourceTitle "CBM 081"]
[Source "ChessBase"]
[SourceDate "2001.03.20"]
[SourceVersion "1"]
[SourceVersionDate "2001.03.20"]
[SourceQuality "1"]

1. e4 c5 2. Nf3 d6 3. d4 cxd4 4. Nxd4 Nf6 5. Nc3 a6 6. Be3 e5 7. Nb3 Be6 8. Qd2
Nbd7 9. f3 Be7 10. g4 O-O 11. O-O-O Qc7 12. Kb1 Rfc8 13. g5 Nh5 14. Nd5 Bxd5
15. exd5 Nb6 16. Rg1 (16. Na5 Nf4 17. Bxf4 exf4 18. h4 (18. Bh3 Re8 19. Qxf4
Bf8 20. Rd3 (20. Rd2 Re5 21. Rhd1 Rae8 22. Qh4 g6 23. Bf1 Rf5 24. Rd3 Bg7 25.
Nb3 Nc4 26. c3 b5 $44 {0-1 Tiviakov,S-Morozevich,A/Wijk aan Zee/2001/ (55)})
20... g6 21. Rc3 Nxd5 {1/2-1/2 Shirov,A-Gelfand,B/New Delhi/2000/ (21)}) 18...
Nxd5 19. Bh3 Ne3 20. Bxc8 Rxc8 21. Rc1 d5 22. Nb3 g6 23. c3 Bf8 24. h5 Qe5 25.
hxg6 hxg6 26. Rh4 Bg7 {1/2-1/2 Motylev,A-Hracek,Z/Novi Sad/2000/ (32)}) 16...
a5 17. a3 a4 18. Nc5 $5 {Shirov, always original player, directs his knight to
the ideal e4 square.} (18. Nc1 Nc4 19. Bxc4 Qxc4 20. Rg4 $14) 18... dxc5 (18...
Nf4 19. Bxf4 Qxc5 (19... dxc5 20. d6 $1 Bxd6 21. Qxd6 exf4 22. Bb5) (19... exf4
20. Ne4 Ra5 21. c4 $16) 20. Be3 Nc4 21. Bxc4 Qxc4 22. Rg4 Qa6 23. f4 $14) 19.
d6 Bxd6 20. Qxd6 Nf4 $6 (20... Qxd6 21. Rxd6 Rc6 22. Rd2 Rcc8 23. Bb5 $14) 21.
Bxf4 exf4 22. Bb5 $1 {[%mdl 2048] Black has an extra pawn, but all his pieces
are inferior.} g6 $2 (22... Rab8 $1 23. Qxc7 Rxc7 24. Rd6 Na8 25. Rgd1 Rcc8 26.
Bxa4 $16) 23. Rge1 Ra5 (23... Qxd6 24. Rxd6 Rc6 25. Bxc6 bxc6 26. Re4 $18) 24.
Re8+ Rxe8 (24... Kg7 25. Qf6# (25. Qf8#)) 25. Qxc7 Rxb5 26. Qxb7 1-0

[Event "World Youth Stars 3rd"]
[Site "Kirishi"]
[Date "2005.05.16"]
[Round "3"]
[White "Karjakin, Sergey"]
[Black "Alekseev, Evgeny V"]
[Result "0-1"]
[WhiteElo "2635"]
[BlackElo "2597"]
[Annotator "Ftacnik,L"]
[PlyCount "90"]
[EventDate "2005.05.14"]
[EventType "tourn"]
[EventRounds "11"]
[EventCountry "RUS"]
[EventCategory "10"]
[SourceTitle "CBM 107"]
[Source "ChessBase"]
[SourceDate "2005.08.01"]
[SourceVersion "1"]
[SourceVersionDate "2005.08.01"]
[SourceQuality "1"]

1. e4 c5 2. Nf3 d6 3. d4 cxd4 4. Nxd4 Nf6 5. Nc3 a6 6. Be3 e5 7. Nb3 Be6 8. f3
Nbd7 9. g4 Nb6 10. g5 Nh5 11. Qd2 Be7 12. O-O-O O-O 13. Kb1 Rc8 14. Rg1 g6 15.
Qf2 Nc4 16. Bxc4 Rxc4 {In this line black economized on the move Qd8-c7, so
the rook comes to the fore and takes care about the activity.} (16... Bxc4 17.
Na4 (17. Qd2 Qc7 18. Rg2 f5 19. Nd5 Bxd5 20. Qxd5+ Kh8 21. c3 Qc6 22. Na5 Qxd5
23. Rxd5 b5 {1/2-1/2 Leko,P-Anand,V/Monte Carlo 2003/ (23)}) (17. f4 exf4 18.
Bxf4 Nxf4 19. Qxf4 f6 20. gxf6 Bxf6 21. Rxd6 Qe7 22. Qd2 Rcd8 23. Rxd8 Rxd8 {
1/2-1/2 Smirin,I-Savchenko,S/Istanbul 2003/ (27)}) 17... Be6 18. Nb6 Rc7 19.
Qd2 (19. h4 Qe8 20. Nd5 Bxd5 21. Rxd5 f6 22. Nd2 fxg5 23. hxg5 Nf4 24. Bxf4
Rxf4 {1/2-1/2 Leko,P-Akopian,V/Wijk aan Zee 2004/ (40)}) 19... Rc6 20. Nd5 Bxd5
21. exd5 Rc8 22. Qd3 Qd7 23. Nd2 f6 24. gxf6 Rxf6 25. c4 Rf7 26. c5 (26. Rc1
Qf5 27. Rc3 b5 28. b3 Qh3 {0-1 Leko,P-Anand,V/Dortmund 2003/ (46)}) 26... Rd8
27. cxd6 Bxd6 28. Bg5 {1-0 Bacrot,E-Lautier,J/Aix les Bains 2003/ (54)}) 17.
Rd3 (17. Nd5 Bxd5 18. Rxd5 b5 19. Rdd1 (19. Qd2 Qb8 20. Rg2 Rfc8 21. Na5 R4c7
22. Qb4 Ng7 23. f4 exf4 24. Bxf4 Qb6 {1/2-1/2 Stefansson,H-Olafsson,H/
Reykjavik 2004/ (34)}) 19... f6 20. gxf6 Rxf6 21. Nd2 Rc8 22. Qf1 Qd7 23. Qd3
Bd8 24. c4 {1/2-1/2 Wang Yu-Yagupov,I/Moscow 2004/ (51)}) 17... b5 18. Nd5 Bxd5
19. exd5 Nf4 {Alekseev understands, that he will have to play f6 at some stage.
With the text move he wants to preceed it with the exchange of the e3 bishop.}
(19... f6 $5 20. Nd2 Rc8 21. gxf6 Nxf6 22. Qg2 Qc7 23. Ne4 b4 $11) 20. Bxf4
Rxf4 (20... exf4 $2 21. h4 Re8 22. Qh2 b4 23. Nd2 Rc8 24. Ne4 $16) 21. Qg3 Rf5
(21... f6 22. gxf6 Bxf6 23. Nd2 Qb6 24. Ne4 Bh4 $11) 22. h4 f6 23. Qh3 (23. h5
Rxg5 24. Qh2 Rxg1+ (24... gxh5 25. f4 Rxg1+ 26. Qxg1+ Kh8 27. Rh3 $14) 25. Qxg1
g5 26. Qa7 Qe8 $13) 23... fxg5 24. h5 $5 {Karjakin is opening the kingside at
a cost of a pawn. The pawn structure severely limits the bishop on e7.} gxh5 (
24... Qb6 25. Rh1 gxh5 26. Qxh5 R5f7 27. Nd2 $14) 25. Qxh5 Qe8 26. Qh3 Qf7 27.
Nd2 Kh8 28. a3 (28. Rh1 Rf4 29. Qd7 b4 $13) 28... Bd8 29. Rh1 (29. Rg3 $5 Rf4
30. Ne4 Rh4 31. Qg2 $14) 29... Qg6 30. Rc3 (30. Ne4 Be7 31. Qg4 Qf7 32. Rh3 Rf4
33. Qg2 Rxe4 34. fxe4 Qf1+ 35. Qxf1 Rxf1+ 36. Ka2 g4 37. Rh2 $13) 30... Rf4 31.
Rc6 Rh4 32. Qg2 Qh6 (32... Rxh1+ 33. Qxh1 a5 34. Ne4 Be7 35. Rc7 $14) 33. Rd1
$2 {[%mdl 64] White did not like the look of black passed pawn on the h file,
but the retreat of the rook is much worse.} (33. Rxh4 gxh4 34. Ne4 h3 35. Qh2
Be7 36. Rc3 Qh5 $11) 33... g4 $1 34. Rg1 (34. f4 exf4 35. Ne4 f3 36. Qf2 Rh1
$19) (34. fxg4 Rh2 35. Qe4 Rxd2 $19) 34... Rh2 35. Qxg4 Rxd2 36. Qd7 {The last
chance lays in fishing in murky watters, Karjakin can claim no real
compensation for the piece.} (36. Rxd6 Bf6 37. Rd7 Qh2 $19) 36... Rxd5 37. Rc8
Qf6 38. Ra8 (38. Rh1 h6 39. Rxd8 Rxd8 40. Rxh6+ Qxh6 41. Qxd8+ Kh7 42. Qd7+ Qg7
43. Qh3+ Kg8 44. Qc8+ Qf8 45. Qg4+ Kf7 46. Qd7+ Kf6 $19) 38... Rd2 39. Ra7 Rh2
40. Rg7 (40. Rxa6 Qe7 41. Qxb5 Rxf3 $19) 40... Qh6 41. Rf7 Rg8 (41... Rxf7 42.
Qxf7 Rg2 $19) 42. Ka2 Qg6 {At long last it is possible to start thinking about
attack on the white's king.} 43. Qc6 (43. Rxa6 Qxc2 $19) 43... Qe6+ 44. b3 Qg6
45. Kb2 Bb6 $1 0-1

[Event "EU-ch 6th"]
[Site "Warsaw"]
[Date "2005.06.20"]
[Round "3"]
[White "Mastrovasilis, Dimitrios"]
[Black "Thorfinnsson, Bragi"]
[Result "1-0"]
[WhiteElo "2562"]
[BlackElo "2442"]
[Annotator "Ftacnik,L"]
[PlyCount "63"]
[EventDate "2005.06.18"]
[EventType "swiss"]
[EventRounds "13"]
[EventCountry "POL"]
[SourceTitle "CBM 108"]
[Source "ChessBase"]
[SourceDate "2005.09.26"]
[SourceVersion "1"]
[SourceVersionDate "2005.09.26"]
[SourceQuality "1"]

1. e4 c5 2. Nf3 d6 3. d4 cxd4 4. Nxd4 Nf6 5. Nc3 a6 6. Be3 e5 7. Nb3 Be6 8. f3
Be7 9. Qd2 O-O 10. O-O-O Nbd7 11. g4 b5 12. g5 b4 13. Ne2 Ne8 14. f4 a5 15. f5
a4 16. fxe6 axb3 17. exf7+ Rxf7 18. Kb1 bxc2+ 19. Kxc2 Rf3 $5 {Interesting
idea connected with a surprizing shot b4-b3+, when white is not able to take
with a king as the bishop e3 is pinned.} (19... Nb6 20. Nc1 d5 21. exd5 Nd6 22.
Kb1 (22. h4 Nbc4 23. Bxc4 Nxc4 24. Qe2 Qc8 25. Kb1 Qf5+ 26. Ka1 Qe4 {0-1 Gross,
D-Babula,V/Austria 2005/ (32)}) 22... Rf3 (22... Nbc4 23. Bxc4 Nxc4 24. Qe2
Nxe3 25. g6 Nxd1 26. gxf7+ Kxf7 27. Rxd1 Bd6 28. Qe4 Kg8 {1/2-1/2 Zambrana,
O-Vera,R/Havana 2005/ (32)}) 23. h4 Na4 24. Qe2 Rg3 25. Bf2 Rc3 26. Qxe5 Nxb2
27. Bd4 Bf8 28. Kxb2 {1-0 Topalov,V-Vallejo Pons,F/Linares 2005/ (32)}) (19...
Rxa2 20. Nc1 Qc7+ 21. Kb1 Ra8 22. Qd5 Rc8 23. Bd3 Qc6 24. Qxc6 Rxc6 25. Bb5 Rc7
26. Nd3 Bf8 27. Ba4 d5 28. Bb3 Rc4 29. exd5 {1-0 Perunovic,M-Fercec,N/Neum
2005/ (52)}) 20. Nc1 (20. Bg2 b3+ $1 21. axb3 Rf8 $13) 20... Qc7+ (20... b3+
21. Nxb3 Rxa2 22. Kb1 Ra8 23. Be2 $14) 21. Kb1 Qc6 22. Bd3 (22. Bg2 $5 Rf7 23.
Rhf1 $14) 22... Nc7 23. Rhf1 (23. Qe2 Rh3 24. g6 Nf6 $13) 23... Rxf1 24. Rxf1
d5 $5 {Thorfinnson opens up the position in order to get better control of the
center.} 25. exd5 (25. Qc2 Qxc2+ 26. Bxc2 Bc5 27. Bd2 $14) 25... Nxd5 26. Nb3 (
26. Rd1 N7b6 $13) 26... Nxe3 27. Qxe3 Rf8 28. Rd1 (28. Rxf8+ Bxf8 29. Be4 $14)
28... Nc5 $2 {[%mdl 8192] Bad tactical mistake as the knight is falling under
the pin and black king will become defensless.} (28... Rf4 $5 29. Rc1 Qg2 $14)
29. Rc1 Rc8 (29... Rd8 30. Rxc5 Bxc5 31. Qxc5 Qh1+ 32. Nc1 $18) 30. Qxe5 Bf8 (
30... Nxd3 31. Rxc6 Nxe5 32. Rxc8+ $18) 31. Nxc5 Bxc5 32. Qf5 1-0

[Event "EU-ch 6th"]
[Site "Warsaw"]
[Date "2005.06.21"]
[Round "4"]
[White "Inarkiev, Ernesto"]
[Black "Ftacnik, Lubomir"]
[Result "0-1"]
[WhiteElo "2612"]
[BlackElo "2540"]
[Annotator "Ftacnik,L"]
[PlyCount "84"]
[EventDate "2005.06.18"]
[EventType "swiss"]
[EventRounds "13"]
[EventCountry "POL"]
[SourceTitle "CBM 108"]
[Source "ChessBase"]
[SourceDate "2005.09.26"]
[SourceVersion "1"]
[SourceVersionDate "2005.09.26"]
[SourceQuality "1"]

1. e4 c5 2. Nf3 d6 3. d4 cxd4 4. Nxd4 Nf6 5. Nc3 a6 6. Be3 e5 7. Nb3 Be6 8. Qd2
Nbd7 9. O-O-O Rc8 10. Kb1 Be7 11. f3 h5 12. g3 b5 13. h4 Nb6 14. Bxb6 Qxb6 15.
Bh3 a5 (15... O-O 16. Nd5 Nxd5 17. exd5 Bxh3 18. Rxh3 Rc4 19. Rh2 Rfc8 20. Qd3
b4 21. Re2 a5 22. Qe3 Qb5 23. Qd3 Qb6 24. Qe3 Qxe3 25. Rxe3 Bd8 26. Re2 f5 {
0-1 Rate,B-Neverov,V/Trignac 2002/3 (34)}) 16. Nc1 $6 {Inarkiev is not
reacting to the spontanneous novelty by black in the most precise manner. The
chances of the second player are enhanced by the absence of the dark squared
bishop from e3 and good attacking chances on the queenside.} (16. a4 Bxh3 17.
Rxh3 bxa4 18. Nxa4 Qc6 19. Qc3 Qb7 $1 20. Qxa5 Bd8 21. Qd2 Qd7 22. Rh2 Qxa4 $19
) (16. Bxe6 fxe6 17. Qd3 b4 18. Qb5+ Qxb5 19. Nxb5 a4 20. Nd2 d5 $15) (16. Qe2
$5 a4 (16... Rb8 17. Bxe6 fxe6 18. Qd3 b4 19. Ne2 O-O $13) 17. Nc1 Bc4 (17...
b4 18. Qb5+ Qxb5 19. Nxb5 Bxh3 20. Rxh3 d5 21. exd5 Rc5 22. c4 Rxc4 23. d6 $16)
18. Qd2 Rb8 19. Nd3 $13) 16... b4 17. Na4 (17. Nd5 Nxd5 18. exd5 Bxh3 19. Rxh3
O-O $15) (17. N3e2 a4 18. Bxe6 fxe6 19. Nd3 b3 $15) 17... Qc6 (17... Qb5 18. b3
O-O 19. c4 bxc3 20. Nxc3 Qb7 $15) 18. b3 (18. Bxe6 fxe6 19. b3 O-O 20. Nd3 Nd7
$15) 18... Bxh3 (18... O-O 19. Bxe6 fxe6 20. Nd3 $15) 19. Rxh3 d5 $1 {A small
witty trick, since the backward d6 pawn is coming to word in the moment, when
black is suffering due to the especially bad piece coordination.} 20. exd5 (20.
g4 hxg4 21. exd5 Nxd5 22. fxg4 e4 $17) 20... Nxd5 21. Rh2 (21. Qxd5 Qxc2+ 22.
Ka1 Bf6 23. Qd7+ Kf8 24. Rhh1 e4+ 25. Rd4 Kg8 $1 (25... exf3 26. Nd3 g6 27. Qd5
(27. Rc1 Qxd3 28. Qxc8+ Kg7 $19) 27... Rd8 28. Qxd8+ Bxd8 29. Rxd8+ Kg7 30. Rd4
Qg2 $19) (25... Qc7 26. Kb1 Qc2+ 27. Ka1) 26. fxe4 Qxe4 27. Qxc8+ Kh7 28. Nb2
Bxd4 29. Qh3 Qc2 30. Ncd3 Qxd3 $19) 21... Rd8 (21... Nf6 22. Re2 Rd8 23. Nd3
Qxf3 (23... O-O 24. Rxe5 Bd6 25. Rf5 Rfe8 $44) 24. Rxe5 Ne4 25. Qe1 f5 26. Kc1
$13) 22. Qe1 (22. Nd3 f6 23. Qe1 O-O $15) 22... O-O 23. Rhd2 (23. Qxe5 Bf6 24.
Qe1 Rfe8 25. Re2 Rxe2 26. Nxe2 Rc8 $17) 23... Bf6 {Black had a hard time
finding the best continuation, since defending white has found the most
resilient mobilization of his forces.} (23... Nc3+ 24. Nxc3 Rxd2 25. Qxd2 bxc3
26. Qe3 $13) (23... f6 $5 24. f4 (24. Qe4 f5 25. Qe1 Bf6 $17) 24... exf4 25.
gxf4 (25. Rxd5 Rxd5 26. Rxd5 Qxd5 27. Qxe7 fxg3 $17) 25... Rfe8 26. Qg3 f5 $15)
24. Qe4 (24. Rd3 Rd6 25. Qe4 Rfd8 26. Ne2 $15) 24... Nc3+ (24... Qxa4 25. Rxd5
Qe8 26. g4 $13) 25. Nxc3 Qxc3 26. Rxd8 (26. Rd5 g6 $15) 26... Rxd8 (26... Bxd8
27. Rd3 Qc7 28. Rd5 $11) 27. Rxd8+ Bxd8 28. Nd3 (28. Qa8 Qd4 29. Nd3 g6 30.
Nxe5 Kg7 31. Qe4 Qg1+ 32. Kb2 Qxg3 $17) 28... Bb6 (28... Bf6 29. Qc4 Qd2 30.
Qc8+ Kh7 31. Qf5+ Kg8 32. Qc8+ $11) 29. Qxe5 $2 {The decisive mistake in a
critical moment. Inarkive was aware of the danger and after the game suggested
29.Kc1 as an improvement. In the heat of the fight both players have missed,
that equality was at hand after the fine mouver 29.Qa8!} (29. Kc1 Bd4 30. f4
Qa1+ 31. Kd2 Bc3+ (31... Qf1 32. fxe5 Bc3+ 33. Ke3 Qg1+ 34. Kf3 Qh1+ 35. Ke3
Qh2 36. Qa8+ Kh7 37. Qf3 $11) 32. Ke2 g6 33. fxe5 Qxa2 34. Nf4 $132) (29. Qa8+
$1 Kh7 30. Qe4+ g6 (30... Kh6 $2 31. Nxe5 $18) (30... Kg8 31. Qa8+) 31. Qd5 $1
Kg7 32. Nxe5 Qe1+ 33. Kb2 Qc3+ $11) 29... Qxe5 (29... Bd4 $5 30. Qe8+ (30. Qb8+
Kh7 31. Kc1 Be3+ 32. Kb1 Qd2 33. Qe5 Qd1+ 34. Kb2 Bd2 35. Qxh5+ Kg8 $19) 30...
Kh7 31. Kc1 Qa1+ 32. Kd2 Bc3+ 33. Ke3 (33. Ke2 Qxa2 34. Qe4+ (34. Qxf7 Qxc2+
35. Ke3 Qd2+ 36. Ke4 Qe2+ 37. Kf4 Bd2+ $19) 34... g6 35. Nf4 a4 $19) 33... Qg1+
34. Kf4 Bd2+ 35. Kf5 Qxg3 36. Qxf7 Qxf3+ 37. Ke6 Qxf7+ 38. Kxf7 Bc3 $19) 30.
Nxe5 Bf2 31. g4 g5 $1 {[%mdl 4096] Very unpleasant surprize. White king is so
far away from the kingside, that free h pawn will cost the life of the knight.}
(31... hxg4 32. Nxg4 (32. fxg4 Bxh4 33. Nc6 Kh7 34. Nxa5 Kg6 35. Nc6 Be1 36. c4
Kg5 37. Ne5 Bg3 $13) 32... Bxh4 33. Ne3 g5 34. Nd5 Bf2 35. a3 $11) 32. hxg5 (
32. gxh5 gxh4 33. Ng4 Bg3 34. Nh6+ Kg7 35. Nf5+ Kf6 $19) 32... h4 33. f4 (33.
g6 h3 34. gxf7+ Kf8 $19) 33... h3 34. Nf3 Be3 $1 (34... Bg3 35. f5 h2 36. Nxh2
Bxh2 37. a3 $17) 35. g6 (35. f5 Bxg5 36. c4 bxc3 37. Kc2 Bf6 38. a3 Be7 39.
Kxc3 Bxa3 40. Kc4 Kg7 41. Kd5 Kf6 42. Kc6 Bc1 43. Kb5 Bf4 44. Kxa5 h2 45. Nxh2
Bxh2 $19) 35... fxg6 36. f5 gxf5 37. gxf5 Kg7 {The defender is completely
helpless, in such a position the bishop is exceptionally strong and efficient.}
(37... Kf7 38. Ne5+ Kf6 39. Ng4+ Kg5 $1 $19) 38. a3 (38. c4 bxc3 (38... Kf6 39.
Kc2 Kxf5 40. Kd3 Kf4 41. Ke2 Bc5 42. Nh2 Kg3 43. Nf3 Bg1 44. Nd2 h2 45. Nf1+
Kf4 46. Nxh2 Bxh2 $19) 39. Kc2 Bd4 40. a3 Kf6 41. b4 Kxf5 42. Nxd4+ Kg4 $19)
38... Kf6 39. axb4 axb4 40. c3 Kxf5 41. Kc2 Ke4 42. Nh2 Bf4 0-1

[Event "EU-ch 6th"]
[Site "Warsaw"]
[Date "2005.06.18"]
[Round "1"]
[White "Naiditsch, Arkadij"]
[Black "Brkic, Ante"]
[Result "1-0"]
[WhiteElo "2626"]
[BlackElo "2477"]
[Annotator "Ftacnik,L"]
[PlyCount "41"]
[EventDate "2005.06.18"]
[EventType "swiss"]
[EventRounds "13"]
[EventCountry "POL"]
[SourceTitle "CBM 108"]
[Source "ChessBase"]
[SourceDate "2005.09.26"]
[SourceVersion "1"]
[SourceVersionDate "2005.09.26"]
[SourceQuality "1"]

1. e4 c5 2. Nf3 d6 3. d4 cxd4 4. Nxd4 Nf6 5. Nc3 a6 6. Be3 e5 7. Nf3 Be7 8. Bc4
O-O 9. O-O Be6 10. Bb3 Nc6 11. Qe2 Rc8 12. Rfd1 h6 13. Nh4 $1 $146 {[%mdl 8]
Naiditsch understands the positions after 7.Nf3 quite well and his timely
novelty realizes white's dream idea of placing the knight on f5.} (13. a4 Qc7
14. Bxe6 fxe6 15. Qc4 Nd4 16. Qxc7 Nxf3+ 17. gxf3 Rxc7 18. Rd2 {1/2-1/2 Polgar,
S-Kotronias,V/Corfu 1990/ (47)}) (13. Nd5 Bxd5 14. Bxd5 Nb4 (14... Nxd5 15.
Rxd5 Qc7 16. Qd2 Nb8 17. Ne1 {1/2-1/2 Maki Uuro,M-Nyback,T/Helsinki 2001/ (17)}
) 15. Bxb7 Rxc2 16. Qe1 Qc7 17. Qxb4 Rb8 18. Qa4 Rxb7 19. b3 Qc6 20. Qxc6 Rxc6
{0-1 Brusa,E-Robledo,N/Buenos Aires 1994/ (28)}) 13... Kh7 (13... Nxe4 14. Nxe4
Bxb3 15. axb3 Bxh4 16. Nxd6 (16. Rxd6 Qc7 17. Qg4 $14) 16... Nd4 17. Bxd4 Qxd6
18. Bxe5 Qg6 19. Bc3 $14) 14. Nf5 Nxe4 $2 (14... Bxf5 15. exf5 Qd7 16. Qf3 Na5
17. Bd5 b5 18. Be4 $14) 15. Qg4 $1 (15. Bxe6 $6 fxe6 (15... Nxc3 16. Qg4 g6 17.
Qh3 h5 18. Bxc8 $14) 16. Nxe4 exf5 17. Nc5 Qe8 18. Nxb7 Qg6 $15) 15... Ng5 (
15... g6 16. Bxe6 Nxc3 (16... fxe6 17. Nxe7 $18) 17. Bxc8 Qxc8 18. Bxh6 Rd8 19.
bxc3 Qxf5 20. Qxf5 gxf5 21. Be3 $16) 16. Bxg5 hxg5 17. Bxe6 fxe6 18. Qh3+ $6 {
White is missing the best line with clear advantage in the endgame after 18.
Nxe7, Brkic on his part has not found courage to advance his king towards the
center.} (18. Nxe7 Qxe7 19. Ne4 $1 Kg8 (19... Nd4 20. Qh5+ Kg8 21. Nxg5 g6 22.
Qxg6+ Qg7 23. Qxg7+ Kxg7 24. c3 Kg6 25. Ne4 $16) 20. Qh5 Qe8 21. Qxe8 Rcxe8 22.
Rxd6 $16) 18... Kg8 $2 (18... Kg6 19. Nxd6 (19. Nxe7+ Qxe7 20. Qd3+ Kf7 $14)
19... Bxd6 20. Qd3+ Kf7 21. Qxd6 Qxd6 22. Rxd6 Ke7 23. Rd2 $14) 19. Nxd6 $1
Bxd6 20. Qxe6+ Kh8 21. Rxd6 {Black king will be mated along the open h file.} (
21. Rxd6 Qb6 22. Rf1 (22. Nd1 Qb4 23. c3 $16) 22... Qxb2 23. Rd3 g4 24. Qxg4
$18) 1-0

[Event "EU-ch 6th"]
[Site "Warsaw"]
[Date "2005.06.19"]
[Round "2"]
[White "Smirnov, Pavel"]
[Black "Baramidze, David"]
[Result "1-0"]
[WhiteElo "2624"]
[BlackElo "2542"]
[Annotator "Ftacnik,L"]
[PlyCount "61"]
[EventDate "2005.06.18"]
[EventType "swiss"]
[EventRounds "13"]
[EventCountry "POL"]
[SourceTitle "CBM 108"]
[Source "ChessBase"]
[SourceDate "2005.09.26"]
[SourceVersion "1"]
[SourceVersionDate "2005.09.26"]
[SourceQuality "1"]

1. e4 c5 2. Nf3 d6 3. d4 cxd4 4. Nxd4 Nf6 5. Nc3 a6 6. Be3 e5 7. Nf3 Be7 8. Bc4
Be6 9. Bb3 h6 10. Nh4 $146 {[%mdl 8] Smirnov comes up with a novelty with
logical transfer of the knight to f5. Black is not without resources and
fights back.} Nxe4 (10... Bxb3 11. axb3 Nxe4 $2 12. Nxe4 d5 (12... Bxh4 13.
Nxd6+ Kf8 14. Qd5 $18) 13. Nf5 dxe4 14. Nxg7+ Kf8 15. Qg4 $18) (10... d5 $2 11.
exd5 Bg4 (11... Nxd5 12. Nxd5 Bxh4 13. Bb6 $18) 12. Qd3 $16) 11. Nxe4 (11. Bxe6
$5 Nxc3 (11... fxe6 12. Nxe4 Bxh4 13. Nxd6+ Ke7 14. Bc5 Qc7 15. b4 $18) 12. Qh5
O-O 13. Ng6 fxe6 (13... Re8 14. Bb6 $1 Qxb6 15. Bxf7+ Kxf7 16. Nf4+ Kg8 17.
Qxe8+ Bf8 18. Ne6 $18) 14. Nxf8 Bxf8 15. bxc3 Nc6 16. O-O $14) 11... d5 $1 (
11... Bxh4 12. Bxe6 fxe6 13. Nxd6+ $18) 12. Nf3 (12. Nc3 Bxh4 13. Nxd5 Nd7 $14)
12... dxe4 13. Bxe6 exf3 (13... Qxd1+ 14. Rxd1 exf3 (14... fxe6 15. Nd2 Nd7 16.
Nxe4 $16) 15. Bc8 fxg2 16. Rg1 $18) 14. Qxd8+ {White finds it hard to find
anything better than the slightly better ending.} (14. Bxf7+ Kxf7 15. Qxf3+ Ke8
(15... Kg8 16. Qxb7 Nd7 17. O-O-O $18) 16. Qxb7 (16. Qh5+ Kf8 17. Qf3+ $11)
16... Nd7 17. Rd1 Rc8 18. Qxa6 Qc7 $13) 14... Bxd8 (14... Kxd8 15. Bxf7 fxg2
16. Rg1 Kc7 17. Rxg2 g5 18. Rd1 $14) 15. Bc8 fxg2 (15... b6 16. gxf3 Nd7 17.
Bb7 Ra7 18. Be4 Bg5 $11) 16. Rg1 (16. Bxb7 gxh1=Q+ 17. Bxh1 Nd7 18. Bxa8 Bb6
$11) 16... Nd7 (16... b6 17. Rxg2 g5 18. Rd1 Ra7 19. Rxd8+ Kxd8 20. Bxb6+ Ke7
21. Bxa7 Rxc8 22. f3 $13) 17. Bxb7 Rb8 18. Bc6 Ba5+ $6 (18... Rc8 19. Be4 (19.
Ba4 Rc4 20. Bb3 Rg4 21. Rd1 Bg5 $13) 19... Nf6 20. Bf5 Rc6 21. O-O-O $13) (
18... Rxb2 $2 19. O-O-O $18) 19. c3 Ke7 (19... Rxb2 $2 20. Bxd7+ Kxd7 21.
O-O-O+ $18) 20. O-O-O Rhd8 21. Rxg2 g5 22. h4 $2 {White has a natural ambition
to open up the position for his pieces, but the chosen move is not the best
idea.} (22. Rd5 $5 Bb6 23. Bxd7 Rxd7 24. Rxe5+ Kf6 25. Re4 $14) 22... f6 $2 (
22... gxh4 $1 23. Rh2 Nf6 24. Rxd8 Bxd8 25. Rxh4 Bb6 $11) 23. hxg5 hxg5 24. Rh2
Nf8 (24... Ke6 25. b4 Bb6 26. Bxg5 fxg5 27. Bxd7+ $16) 25. Bc5+ Ke6 (25... Kf7
26. Bd6 Rb6 27. Bd5+ Ne6 28. Bc7 Rxd5 29. Rxd5 Nxc7 30. Rxa5 (30. Rd7+ Kg6 31.
Rxc7 Rxb2 32. Kxb2 Bxc7 $13) 30... Rc6 31. Kc2 $16) 26. Rxd8 Rxd8 27. Bb7 Nd7
28. Ba3 Nb6 (28... Nb8 29. c4 (29. Rh7 Bb6 30. Be7 Re8 31. Bxf6 Kf5 $14) 29...
Rd4 30. Bd5+ $14) 29. Rh7 Nd5 $2 {Black's position was deteriorating, but
after the text move it becomes hopeless.} (29... Nc4 30. Bc5 Bb6 31. Re7+ Kf5
32. Bxb6 Nxb6 33. Bxa6 $16) (29... Rd7 30. Rxd7 Nxd7 31. Bxa6 $16) 30. b4 Bb6
31. c4 1-0

[Event "Guillermo Garcia Memorial-A 08th"]
[Site "Santa Clara"]
[Date "2000.05.29"]
[Round "5"]
[White "De la Paz Perdomo, Frank"]
[Black "Roeder, Mathias"]
[Result "1-0"]
[WhiteElo "2462"]
[BlackElo "2413"]
[Annotator "Ftacnik,L"]
[PlyCount "61"]
[EventDate "2000.05.24"]
[EventType "tourn"]
[EventRounds "13"]
[EventCountry "CUB"]
[EventCategory "9"]
[SourceTitle "CBM 078"]
[Source "ChessBase"]
[SourceDate "2000.10.18"]
[SourceVersion "1"]
[SourceVersionDate "2000.10.18"]
[SourceQuality "1"]

1. e4 c5 2. Nf3 d6 3. d4 cxd4 4. Nxd4 Nf6 5. Nc3 a6 6. Be3 e5 7. Nb3 Be6 8. f4
exf4 9. Bxf4 Nc6 10. Qd2 d5 11. O-O-O Nxe4 12. Nxe4 dxe4 13. Qe3 Qc8 14. Qxe4
Be7 15. Bd3 Nb4 16. Nd4 Nxa2+ 17. Kb1 Nb4 18. Rhe1 $5 {[%mdl 8] Great
improvement over the older exchange on e6. White can try to benefit from the
control of the c file.} (18. Nxe6 Qxe6 19. Qxe6 fxe6 {1/2-1/2 Kaminski,
M-Sadler,M/Linares/1995/ (19)}) 18... Nxd3 (18... Nd5 19. Be5 Nf6 20. Bxf6 Bxf6
21. Nxe6 fxe6 22. Bc4 $16) 19. Rxd3 O-O 20. Rc3 Qe8 (20... Qd7 $2 21. Rc7 $18)
21. Nxe6 fxe6 22. Qxe6+ Qf7 (22... Rf7 23. Bg5 $18) 23. Qxe7 Qxf4 24. Qxb7 {
The outcome of the exchange operation favours white with a spare pawn and more
active pieces.} Kh8 (24... Qxh2 25. Rc7 Qg3 26. Ree7 $18) (24... Rab8 25. Qd5+
Kh8 26. Qe5 $16) 25. Rf3 $1 Qxh2 26. Ref1 Qd6 (26... Rfb8 $2 27. Qxa8 $1 Rxa8
28. Rf8+ $18) 27. Qc6 (27. Qxa6 Qe7 28. Qb7 Qd6 29. Qc6 $18) 27... Qb4 28. c3
Qe7 29. Rf7 $1 {The basic rank motive in a bit less usual form decides
immediately.} Rac8 30. Rxe7 Rxf1+ 31. Ka2 1-0